000 00893cam a2200241 a 4500
020 _a9251036659
040 _cSdB
082 0 0 _a631 FOO 1995 C158 Or.
245 0 0 _aIntegrated plant nutrition systems :
_breport of an expert consultation, Rome, Italy, 13-15 December 1993 /
260 _aRome :
_bFood and Agriculture Organization of the United Nations,
_c1995.
300 _avii, 426 p. :
_bill. ;
_c30 cm.
500 _aPapers from the Expert Consultation on Integrated Plant Nutrition Systems.
500 _a"Plant Nutrition Management Service, FAO Land and Water Development Division."
500 _a"M-52"--T.p. verso.
650 0 _aAgricultural ecology
650 0 _aPlant nutrients
650 0 _aSoil fertility
650 0 _aCrops
700 1 _aDudal, Raoul.
700 1 _aRoy, R. N.
710 2 _aFood and Agriculture Organization of the United Nations.
942 _cAEDBB
999 _c19036
_d19036